000 00332nam a2200145Ia 4500
008 191201s2019 xx 000 0 und d
082 _a004.678
_bJAI
100 _aJAIN, Manish
245 0 _aInternet Complete
250 _a2rd
260 _aN.Delhi
_bBPB Publication
300 _a1005
650 _aB.Tech(CSE)
942 _2ddc
_cBK
999 _c1718
_d1718